LIBRARY ONLINE CATALOGUE

Keeping current : (Record no. 9989)

MARC details
000 -LEADER
fixed length control field 00737nam a22002172 4500
001 - CONTROL NUMBER
control field 0000023821
005 - DATE AND TIME OF LATEST TRANSACTION
control field 20151217152249.0
008 - FIXED-LENGTH DATA ELEMENTS--GENERAL INFORMATION
fixed length control field 130327s xx 000 0 eng d
020 ## - INTERNATIONAL STANDARD BOOK NUMBER
International Standard Book Number 8170005957 :
040 ## - CATALOGING SOURCE
Original cataloging agency KABU
Transcribing agency KABU
100 1# - MAIN ENTRY--PERSONAL NAME
Personal name Cohen, Steven M.
-- 0000183541
245 10 - TITLE STATEMENT
Title Keeping current :
Remainder of title advanced internet strategies to meet librarian and patron needs /
Statement of responsibility, etc. Steven M. Cohen.
250 ## - EDITION STATEMENT
Edition statement 1st ed.
260 ## - PUBLICATION, DISTRIBUTION, ETC. (IMPRINT)
Place of publication, distribution, etc. New Delhi :
Name of publisher, distributor, etc. Ess Ess,
Date of publication, distribution, etc. 2003.
300 ## - PHYSICAL DESCRIPTION
Extent xix, 97 p.
650 #0 - SUBJECT ADDED ENTRY--TOPICAL TERM
Topical term or geographic name as entry element Current awareness services
General subdivision Information technology.
-- 0000183542
650 #0 - SUBJECT ADDED ENTRY--TOPICAL TERM
Topical term or geographic name as entry element Computer network resources
General subdivision Management.
-- 0000183543
852 1# - LOCATION
-- p1447 KES
908 ## - PUT COMMAND PARAMETER (RLIN)
Put command parameter 130327
950 ## - LOCAL HOLDINGS (RLIN)
-- 1
Holdings
Withdrawn status Lost status Source of classification or shelving scheme Not for loan Home library Current library Date acquired Total Checkouts Full call number Barcode Date last seen Price effective from Koha item type
    Library of Congress Classification   Kabarak, Main Campus Kabarak, Main Campus 17/12/2015   ZA4201 .C64 2003 c. 1 014816 16/03/2016 17/12/2015 General Collection